[Event "Korcsoportos bajnokság, 18 évesek"]
[Site "Budapest"]
[Date "2020.10.27"]
[Round "6.2"]
[White "Geher, Koppany"]
[Black "Pogany, Zsombor"]
[Result "1/2-1/2"]
[WhiteElo "2319"]
[BlackElo "2221"]
[PlyCount "87"]
[EventDate "2020.10.24"]
[EventType "tourn"]
[EventRounds "9"]
[EventCountry "HUN"]

1. e4 c6 2. Nf3 d5 3. d3 dxe4 4. dxe4 Qxd1+ 5. Kxd1 Bg4 6. Be2 Nd7 7. Nfd2
Bxe2+ 8. Kxe2 e5 9. f3 f6 10. Rd1 O-O-O 11. Nc4 Nb6 12. Rxd8+ Kxd8 13. Nbd2 Kc7
14. a4 Ne7 15. a5 Nxc4 16. Nxc4 Nc8 17. Be3 Bd6 18. g3 Re8 19. c3 Bf8 20. b4 a6
21. Rd1 Rd8 22. Rf1 Re8 23. Rd1 Rd8 24. Rb1 Re8 25. h3 Kd7 26. Rd1+ Ke6 27. f4
exf4 28. gxf4 g6 29. Kf3 Nd6 30. Nxd6 Bxd6 31. f5+ Ke7 32. Bd4 Rd8 33. Bb6 Rd7
34. Bd4 gxf5 35. exf5 Rd8 36. Re1+ Kf7 37. Re6 Be7 38. Re4 Rd5 39. Rh4 Kg7 40.
Ke4 Rb5 41. Rg4+ Kf7 42. Rh4 Kg7 43. Rg4+ Kf7 44. Rh4 1/2-1/2

[Event "Korcsoportos bajnokság, 18 évesek"]
[Site "Budapest"]
[Date "2020.10.27"]
[Round "6.3"]
[White "Kovacs, Gabor Etele"]
[Black "Forgacs, Andras"]
[Result "1-0"]
[WhiteElo "2075"]
[BlackElo "1880"]
[PlyCount "53"]
[EventDate "2020.10.24"]
[EventType "tourn"]
[EventRounds "9"]
[EventCountry "HUN"]

1. e4 b6 2. d4 Bb7 3. Bd3 e6 4. Nf3 c5 5. c3 Nf6 6. Qe2 Be7 7. O-O O-O 8. e5
Ne8 9. Nbd2 cxd4 10. cxd4 d5 11. Re1 a5 12. Nf1 Ba6 13. g3 Nc7 14. h4 Qd7 15.
Ng5 Bxd3 16. Qxd3 g6 17. h5 Nc6 18. a3 a4 19. Be3 Na5 20. Nd2 Rfb8 21. Kg2 Qd8
22. Nxh7 Kxh7 23. hxg6+ fxg6 24. Rh1+ Kg7 25. Rh6 Qe8 26. Rah1 Bf8 27. Bg5 1-0

[Event "Korcsoportos bajnokság, 18 évesek"]
[Site "Budapest"]
[Date "2020.10.27"]
[Round "6.4"]
[White "Pribelszky, Bence"]
[Black "Tubak, Daniel"]
[Result "1/2-1/2"]
[WhiteElo "2286"]
[BlackElo "2214"]
[PlyCount "55"]
[EventDate "2020.10.24"]
[EventType "tourn"]
[EventRounds "9"]
[EventCountry "HUN"]

1. g3 g6 2. Bg2 Bg7 3. Nf3 Nf6 4. b3 O-O 5. Bb2 d5 6. O-O c5 7. c4 Nc6 8. cxd5
Nxd5 9. Bxg7 Kxg7 10. d4 cxd4 11. Nxd4 Nxd4 12. Qxd4+ Nf6 13. Qb2 Qb6 14. Nc3
Be6 15. Qa3 Rfe8 16. Na4 Qa6 17. Qb4 Bd5 18. e4 Bc6 19. Rfd1 Bxa4 20. bxa4 e5
21. Rd6 b6 22. Bf1 Qb7 23. f3 Rad8 24. Bb5 Qe7 25. Rad1 Rxd6 26. Qxd6 Qxd6 27.
Rxd6 Rc8 28. a5 1/2-1/2

[Event "Korcsoportos bajnokság, 18 évesek"]
[Site "Budapest"]
[Date "2020.10.27"]
[Round "6.5"]
[White "Demjen, Mark"]
[Black "Vodila, Martin Botond"]
[Result "0-1"]
[WhiteElo "2018"]
[BlackElo "2224"]
[PlyCount "50"]
[EventDate "2020.10.24"]
[EventType "tourn"]
[EventRounds "9"]
[EventCountry "HUN"]

1. d4 Nf6 2. c4 g6 3. Nc3 Bg7 4. e4 d6 5. Bd3 O-O 6. Nge2 Nc6 7. O-O e5 8. d5
Ne7 9. Rb1 Nh5 10. Be3 f5 11. f3 f4 12. Bf2 g5 13. h3 Nf6 14. c5 h5 15. Qc2 g4
16. hxg4 hxg4 17. cxd6 cxd6 18. fxg4 Nxg4 19. Nb5 Qe8 20. Rfc1 Qh5 21. Kf1 Qh1+
22. Ng1 Ne3+ 23. Bxe3 fxe3+ 24. Ke2 Qxg2+ 25. Kxe3 Bh6# 0-1

[Event "Korcsoportos bajnokság, 18 évesek"]
[Site "Budapest"]
[Date "2020.10.28"]
[Round "7.1"]
[White "Vodila, Martin Botond"]
[Black "Kelemen, David"]
[Result "1-0"]
[WhiteElo "2224"]
[BlackElo "2171"]
[PlyCount "69"]
[EventDate "2020.10.24"]
[EventType "tourn"]
[EventRounds "9"]
[EventCountry "HUN"]

1. e4 c5 2. Nf3 d6 3. d4 cxd4 4. Qxd4 Nc6 5. Bb5 Bd7 6. Bxc6 Bxc6 7. Nc3 Nf6 8.
Bg5 e6 9. O-O-O Be7 10. Rhe1 O-O 11. Kb1 Qa5 12. Qd2 Qb6 13. Nd4 Rfc8 14. f3 a6
15. g4 Bd7 16. Nb3 Rd8 17. h4 Rac8 18. h5 h6 19. Be3 Qc7 20. g5 Nxh5 21. gxh6
g6 22. Rh1 Kh7 23. Rdg1 Rg8 24. Bg5 Bc6 25. Nd4 Nf6 26. Nxc6 bxc6 27. Qf4 e5
28. Qh4 Qd8 29. f4 Rf8 30. fxe5 Ng8 31. Bxe7 Qxe7 32. Qxe7 Nxe7 33. exd6 Ng8
34. e5 Rfe8 35. d7 1-0

[Event "Korcsoportos bajnokság, 18 évesek"]
[Site "Budapest"]
[Date "2020.10.28"]
[Round "7.2"]
[White "Tubak, Daniel"]
[Black "Demjen, Mark"]
[Result "1-0"]
[WhiteElo "2214"]
[BlackElo "2018"]
[PlyCount "113"]
[EventDate "2020.10.24"]
[EventType "tourn"]
[EventRounds "9"]
[EventCountry "HUN"]

1. e4 c6 2. d4 d5 3. Nc3 dxe4 4. Nxe4 Bf5 5. Ng3 Bg6 6. N1e2 Nf6 7. Nf4 e5 8.
dxe5 Qa5+ 9. c3 Qxe5+ 10. Qe2 Qxe2+ 11. Bxe2 Nbd7 12. Nxg6 hxg6 13. O-O O-O-O
14. Rd1 Bc5 15. h3 Rhe8 16. Kf1 Nb6 17. Rxd8+ Rxd8 18. b3 Bd6 19. Bg5 Be5 20.
Rc1 Nbd5 21. c4 Nf4 22. Rd1 Rxd1+ 23. Bxd1 Ne6 24. Bd2 Bf4 25. Bc3 c5 26. Ne2
Bd6 27. Bc2 Kc7 28. g3 Nd7 29. f4 Be7 30. Kf2 Bf6 31. Bd2 Nd4 32. Nxd4 Bxd4+
33. Kf3 Nf6 34. g4 Kd6 35. h4 b6 36. g5 Ng8 37. f5 gxf5 38. Bxf5 f6 39. g6 Ne7
40. Ke4 a5 41. h5 Ng8 42. Bc8 Ne7 43. Bf4+ Be5 44. Bxe5+ fxe5 45. h6 gxh6 46.
g7 h5 47. Bb7 h4 48. Bd5 h3 49. Kf3 e4+ 50. Bxe4 Ke5 51. Bd5 Kd4 52. g8=Q Nxg8
53. Bxg8 h2 54. Kg2 Kc3 55. Bd5 Kb2 56. Bc6 Kxa2 57. Ba4 1-0

[Event "Korcsoportos bajnokság, 18 évesek"]
[Site "Budapest"]
[Date "2020.10.28"]
[Round "7.3"]
[White "Forgacs, Andras"]
[Black "Pribelszky, Bence"]
[Result "0-1"]
[WhiteElo "1880"]
[BlackElo "2286"]
[PlyCount "32"]
[EventDate "2020.10.24"]
[EventType "tourn"]
[EventRounds "9"]
[EventCountry "HUN"]

1. Nf3 Nf6 2. c4 e6 3. g3 b6 4. Bg2 Bb7 5. d4 Be7 6. O-O O-O 7. d5 exd5 8. Nh4
c6 9. cxd5 Nxd5 10. Bxd5 Bxh4 11. Bxc6 Bxc6 12. gxh4 Qxh4 13. f3 Na6 14. Rf2
Rfe8 15. Rg2 Bxf3 16. Bg5 Qb4 0-1

[Event "Korcsoportos bajnokság, 18 évesek"]
[Site "Budapest"]
[Date "2020.10.28"]
[Round "7.4"]
[White "Pogany, Zsombor"]
[Black "Kovacs, Gabor Etele"]
[Result "1-0"]
[WhiteElo "2221"]
[BlackElo "2075"]
[PlyCount "87"]
[EventDate "2020.10.24"]
[EventType "tourn"]
[EventRounds "9"]
[EventCountry "HUN"]

1. e4 e5 2. Nf3 Nc6 3. Nc3 Nf6 4. Bb5 Nd4 5. Nxe5 Nxb5 6. Nxb5 c6 7. Nc3 d5 8.
exd5 Bd6 9. d4 O-O 10. dxc6 bxc6 11. O-O Qc7 12. Re1 Re8 13. Bf4 Rb8 14. Bg3
Bf5 15. Qf3 Bxc2 16. Nxc6 Bxg3 17. hxg3 Be4 18. Nxe4 Qxc6 19. Nxf6+ Qxf6 20.
Rxe8+ Rxe8 21. Qxf6 gxf6 22. Kf1 Rc8 23. Re1 Rc2 24. Re7 Rxb2 25. Rxa7 Kf8 26.
Ke1 Rb4 27. d5 Re4+ 28. Kf1 Rd4 29. Ra5 Ke7 30. Ke2 Kd6 31. Ke3 Rd1 32. Ra6+
Ke7 33. d6+ Ke6 34. a4 Ra1 35. g4 Ra2 36. Kf3 h6 37. Kg3 Ra3+ 38. f3 Ra2 39. a5
Ra3 40. Kh4 Ra2 41. Ra8 Rxg2 42. a6 Ke5 43. d7 Kf4 44. Kh3 1-0

[Event "Korcsoportos bajnokság, 18 évesek"]
[Site "Budapest"]
[Date "2020.10.28"]
[Round "7.5"]
[White "Ongut, Tamas Gunes"]
[Black "Geher, Koppany"]
[Result "1/2-1/2"]
[WhiteElo "2333"]
[BlackElo "2319"]
[PlyCount "45"]
[EventDate "2020.10.24"]
[EventType "tourn"]
[EventRounds "9"]
[EventCountry "HUN"]

1. c4 e5 2. Nc3 Nf6 3. Nf3 Nc6 4. e4 b6 5. a3 g6 6. g3 Bg7 7. Bg2 O-O 8. b4 Nd4
9. Nxd4 exd4 10. e5 d5 11. exf6 Re8+ 12. Kf1 dxc3 13. fxg7 dxc4 14. h4 Bf5 15.
Kg1 c2 16. Qf3 Qd4 17. Qc3 Re1+ 18. Kh2 Rxh1+ 19. Kxh1 Qxf2 20. Bxa8 Qf1+ 21.
Kh2 Qf2+ 22. Kh1 Qf1+ 23. Kh2 1/2-1/2

[Event "Korcsoportos bajnokság, 18 évesek"]
[Site "Budapest"]
[Date "2020.10.29"]
[Round "8.1"]
[White "Kelemen, David"]
[Black "Geher, Koppany"]
[Result "1-0"]
[WhiteElo "2171"]
[BlackElo "2319"]
[PlyCount "55"]
[EventDate "2020.10.24"]
[EventType "tourn"]
[EventRounds "9"]
[EventCountry "HUN"]

1. e4 c5 2. Nf3 e6 3. c4 Nc6 4. Nc3 Nd4 5. Nxd4 cxd4 6. Ne2 e5 7. Ng3 g6 8. Be2
h5 9. O-O h4 10. Nh1 h3 11. g3 Nf6 12. d3 b5 13. f4 d6 14. fxe5 dxe5 15. cxb5
Be7 16. Nf2 Be6 17. Ng4 Nd7 18. Bd2 Rb8 19. a4 f5 20. exf5 gxf5 21. Nh6 f4 22.
Bh5+ Kf8 23. gxf4 e4 24. f5 e3 25. fxe6+ Nf6 26. Rxf6+ Bxf6 27. Bb4+ Kg7 28.
Qg4+ 1-0

[Event "Korcsoportos bajnokság, 18 évesek"]
[Site "Budapest"]
[Date "2020.10.29"]
[Round "8.2"]
[White "Kovacs, Gabor Etele"]
[Black "Ongut, Tamas Gunes"]
[Result "0-1"]
[WhiteElo "2075"]
[BlackElo "2333"]
[PlyCount "92"]
[EventDate "2020.10.24"]
[EventType "tourn"]
[EventRounds "9"]
[EventCountry "HUN"]

1. e4 g6 2. d4 Bg7 3. Nc3 a6 4. Bg5 d6 5. Qd2 b5 6. Bd3 Nd7 7. Nf3 c5 8. d5
Ngf6 9. Bh6 O-O 10. Bxg7 Kxg7 11. a3 e5 12. O-O c4 13. Be2 Nc5 14. Qe3 Ng4 15.
Qc1 f5 16. Nd2 Nf6 17. f3 Qb6 18. Kh1 f4 19. a4 Bd7 20. Ra2 Nh5 21. Qe1 g5 22.
Qf2 Rab8 23. axb5 axb5 24. Rfa1 Nf6 25. Ra5 Rfc8 26. Ra7 Rb7 27. Rxb7 Qxb7 28.
Qg1 h5 29. Qb1 g4 30. Qa2 b4 31. Nd1 b3 32. cxb3 Nxb3 33. Nxb3 cxb3 34. Qa6
Qxa6 35. Bxa6 Rc2 36. Kg1 h4 37. Rb1 h3 38. gxh3 gxf3 39. Nf2 Rxf2 40. Kxf2
Nxe4+ 41. Ke1 f2+ 42. Ke2 Bxh3 43. Ra1 Bg4+ 44. Kd3 Nc5+ 45. Kc3 Nxa6 46. Rf1
Nc5 0-1

[Event "Korcsoportos bajnokság, 18 évesek"]
[Site "Budapest"]
[Date "2020.10.29"]
[Round "8.3"]
[White "Pribelszky, Bence"]
[Black "Pogany, Zsombor"]
[Result "1/2-1/2"]
[WhiteElo "2286"]
[BlackElo "2221"]
[PlyCount "65"]
[EventDate "2020.10.24"]
[EventType "tourn"]
[EventRounds "9"]
[EventCountry "HUN"]

1. e4 Nf6 2. e5 Nd5 3. d4 d6 4. c4 Nb6 5. exd6 cxd6 6. Nc3 g6 7. h3 Bg7 8. Nf3
O-O 9. Be2 N6d7 10. O-O Nf6 11. Be3 d5 12. c5 Nc6 13. a3 Ne4 14. Rc1 Nxc5 15.
dxc5 d4 16. Bd2 d3 17. Bxd3 Qxd3 18. Be3 Qxd1 19. Rfxd1 Bf5 20. Nd4 Nxd4 21.
Bxd4 e5 22. Be3 Rfd8 23. Nb5 Rd7 24. Nxa7 e4 25. Rxd7 Bxd7 26. b4 f5 27. b5 f4
28. c6 bxc6 29. bxc6 Bxc6 30. Nxc6 fxe3 31. fxe3 Rxa3 32. Ne7+ Kf7 33. Nd5
1/2-1/2

[Event "Korcsoportos bajnokság, 18 évesek"]
[Site "Budapest"]
[Date "2020.10.29"]
[Round "8.4"]
[White "Demjen, Mark"]
[Black "Forgacs, Andras"]
[Result "1-0"]
[WhiteElo "2018"]
[BlackElo "1880"]
[PlyCount "63"]
[EventDate "2020.10.24"]
[EventType "tourn"]
[EventRounds "9"]
[EventCountry "HUN"]

1. d4 d5 2. Nf3 Bf5 3. e3 e6 4. Bd3 Bg4 5. c4 c6 6. Qb3 Qc7 7. Ne5 Bh5 8. e4
Bd6 9. exd5 cxd5 10. Nc3 a6 11. cxd5 Bxe5 12. dxe5 Qxe5+ 13. Be3 b5 14. dxe6
Nf6 15. h3 Nc6 16. g4 Bg6 17. Bxg6 fxg6 18. g5 Na5 19. Qd1 Rd8 20. Qf3 b4 21.
gxf6 bxc3 22. f7+ Ke7 23. O-O cxb2 24. Rad1 Nc4 25. Bf4 Qb5 26. Qe4 g5 27. Rd7+
Rxd7 28. exd7+ Kxf7 29. Re1 Qxd7 30. Qxc4+ Kg6 31. Re6+ Kh5 32. Qe2+ 1-0

[Event "Korcsoportos bajnokság, 18 évesek"]
[Site "Budapest"]
[Date "2020.10.29"]
[Round "8.5"]
[White "Vodila, Martin Botond"]
[Black "Tubak, Daniel"]
[Result "1/2-1/2"]
[WhiteElo "2224"]
[BlackElo "2214"]
[PlyCount "22"]
[EventDate "2020.10.24"]
[EventType "tourn"]
[EventRounds "9"]
[EventCountry "HUN"]

1. e4 e6 2. d4 d5 3. Nd2 Nf6 4. e5 Nfd7 5. f4 c5 6. c3 Nc6 7. Ne2 Qb6 8. Nf3
Be7 9. g3 cxd4 10. cxd4 O-O 11. Bh3 f6 1/2-1/2

[Event "Korcsoportos bajnokság, 18 évesek"]
[Site "Budapest"]
[Date "2020.10.30"]
[Round "9.1"]
[White "Tubak, Daniel"]
[Black "Kelemen, David"]
[Result "1/2-1/2"]
[WhiteElo "2214"]
[BlackElo "2171"]
[PlyCount "21"]
[EventDate "2020.10.24"]
[EventType "tourn"]
[EventRounds "9"]
[EventCountry "HUN"]

1. c4 b6 2. Nc3 Bb7 3. e4 e6 4. Nf3 g5 5. h3 Bg7 6. d3 h6 7. Be2 Ne7 8. Bd2 Ng6
9. Qc2 d6 10. O-O-O Nd7 11. Kb1 1/2-1/2

[Event "Korcsoportos bajnokság, 18 évesek"]
[Site "Budapest"]
[Date "2020.10.30"]
[Round "9.2"]
[White "Forgacs, Andras"]
[Black "Vodila, Martin Botond"]
[Result "0-1"]
[WhiteElo "1880"]
[BlackElo "2224"]
[PlyCount "64"]
[EventDate "2020.10.24"]
[EventType "tourn"]
[EventRounds "9"]
[EventCountry "HUN"]

1. c4 e5 2. Nc3 Nc6 3. d3 Nge7 4. g3 h6 5. Bg2 g6 6. Bd2 Bg7 7. Qc1 d6 8. Nf3
Be6 9. O-O Qd7 10. e4 g5 11. Ne1 Nd4 12. f4 gxf4 13. gxf4 exf4 14. Bxf4 O-O-O
15. Qe3 Nec6 16. Kh1 f5 17. Ne2 Rde8 18. Nxd4 Bxd4 19. Qd2 fxe4 20. Bxe4 d5 21.
cxd5 Bxd5 22. Qg2 Rhg8 23. Bg3 Bxe4 24. dxe4 h5 25. Rf4 Be5 26. Rh4 Bxg3 27.
hxg3 Qd6 28. Rf4 h4 29. Qh3+ Kb8 30. Rxh4 Rxg3 31. Qh2 Reg8 32. Nc2 Qf6 0-1

[Event "Korcsoportos bajnokság, 18 évesek"]
[Site "Budapest"]
[Date "2020.10.30"]
[Round "9.3"]
[White "Pogany, Zsombor"]
[Black "Demjen, Mark"]
[Result "1-0"]
[WhiteElo "2221"]
[BlackElo "2018"]
[PlyCount "47"]
[EventDate "2020.10.24"]
[EventType "tourn"]
[EventRounds "9"]
[EventCountry "HUN"]

1. e4 e5 2. Nf3 Nc6 3. Nc3 Nf6 4. Bb5 Nd4 5. Ba4 Bc5 6. Nxe5 O-O 7. Nd3 Bb6 8.
e5 Ne8 9. O-O d6 10. exd6 Nxd6 11. Nf4 c6 12. d3 N6f5 13. Ne4 Nh4 14. c3 Ne6
15. Nxe6 Bxe6 16. Bg5 f6 17. Bxh4 g5 18. Bb3 Bxb3 19. Qxb3+ Kg7 20. Bg3 Qxd3
21. Rfe1 Rae8 22. Nd6 Rxe1+ 23. Rxe1 Qd2 24. Qd1 1-0

[Event "Korcsoportos bajnokság, 18 évesek"]
[Site "Budapest"]
[Date "2020.10.30"]
[Round "9.4"]
[White "Ongut, Tamas Gunes"]
[Black "Pribelszky, Bence"]
[Result "1-0"]
[WhiteElo "2333"]
[BlackElo "2286"]
[PlyCount "53"]
[EventDate "2020.10.24"]
[EventType "tourn"]
[EventRounds "9"]
[EventCountry "HUN"]

1. d4 e6 2. c4 b6 3. e4 Bb7 4. Bd3 Nc6 5. Ne2 Nb4 6. Nbc3 Nxd3+ 7. Qxd3 Bb4 8.
O-O Bxc3 9. Nxc3 Ne7 10. Bg5 f6 11. Bh4 O-O 12. f4 Ng6 13. Bg3 f5 14. d5 fxe4
15. Nxe4 Qe7 16. Rae1 Qb4 17. a3 Qa5 18. b4 Qa4 19. Ng5 Rae8 20. h4 Rf6 21. f5
Nf8 22. Be5 Rh6 23. Qg3 exf5 24. Bxg7 Rxe1 25. Qxe1 Rg6 26. Bxf8 Kxf8 27. Rxf5+
1-0

[Event "Korcsoportos bajnokság, 18 évesek"]
[Site "Budapest"]
[Date "2020.10.30"]
[Round "9.5"]
[White "Geher, Koppany"]
[Black "Kovacs, Gabor Etele"]
[Result "1-0"]
[WhiteElo "2319"]
[BlackElo "2075"]
[PlyCount "81"]
[EventDate "2020.10.24"]
[EventType "tourn"]
[EventRounds "9"]
[EventCountry "HUN"]

1. e4 e5 2. Nf3 Nc6 3. Bb5 a6 4. Ba4 Nf6 5. O-O Be7 6. Re1 b5 7. Bb3 d6 8. c3
O-O 9. h3 Nb8 10. d4 Nbd7 11. Nbd2 Bb7 12. Bc2 c5 13. d5 c4 14. b3 cxb3 15.
axb3 Qc7 16. Bb2 a5 17. b4 a4 18. Nb1 Rfb8 19. Na3 Ba6 20. Bd3 Qb7 21. Nd2 g6
22. Qe2 Qb6 23. g3 Nh5 24. Kg2 Ng7 25. c4 bxc4 26. Naxc4 Qxb4 27. Ba3 Qb7 28.
Nxd6 Bxd3 29. Qxd3 Qa6 30. N6c4 Bxa3 31. Qxa3 Ra7 32. Rab1 Rc8 33. Rb4 Ne8 34.
Ra1 Rca8 35. Rab1 Nd6 36. Nb6 Nxb6 37. Rxb6 Qe2 38. Qxd6 Qxd2 39. Rb8+ Kg7 40.
Qf8+ Kf6 41. Qd8+ 1-0

[Event "Korcsoportos bajnokság, 16 évesek"]
[Site "Budapest"]
[Date "2020.10.24"]
[Round "1.1"]
[White "Virag, Balint"]
[Black "Koszta, Benedek"]
[Result "0-1"]
[WhiteElo "2117"]
[BlackElo "2137"]
[PlyCount "116"]
[EventDate "2020.10.24"]
[EventType "tourn"]
[EventRounds "9"]
[EventCountry "HUN"]

1. e4 c5 2. Nf3 d6 3. d4 cxd4 4. Nxd4 Nf6 5. Nc3 a6 6. Be2 e5 7. Nb3 Be7 8. Be3
Be6 9. O-O O-O 10. Qd3 Nc6 11. a3 d5 12. exd5 Nxd5 13. Rad1 Nxe3 14. Qxe3 Qc7
15. Nd5 Bxd5 16. Rxd5 Rad8 17. Rfd1 Rxd5 18. Rxd5 Rd8 19. Qe4 g6 20. g3 Kg7 21.
Rxd8 Nxd8 22. c4 Ne6 23. Nd2 Nd4 24. b4 f5 25. Qe3 Bf6 26. c5 a5 27. Nc4 axb4
28. axb4 e4 29. Bd1 Qd8 30. Ba4 Nf3+ 31. Kg2 Bd4 32. Qf4 Ne1+ 33. Kf1 Nd3 34.
Qd6 Qxd6 35. cxd6 Kf7 36. d7 Ke7 37. Nd6 Nxb4 38. Nxb7 Bb6 39. Ke2 Nd5 40. Bc6
Nf6 41. d8=Q+ Bxd8 42. Nxd8 Kxd8 43. f3 Kc7 44. Ba8 Kd6 45. fxe4 fxe4 46. h3
Ke5 47. Bc6 h6 48. Bb5 Kd4 49. Kd2 e3+ 50. Ke1 Ne4 51. g4 g5 52. Bf1 Ke5 53.
Bg2 Nc3 54. Kf1 Kf4 55. Ke1 Kg3 56. Bf1 e2 57. Bxe2 Nxe2 58. Kxe2 Kxh3 0-1

[Event "Korcsoportos bajnokság, 16 évesek"]
[Site "Budapest"]
[Date "2020.10.24"]
[Round "1.2"]
[White "Baski, Barnabas"]
[Black "Lakatos, Tamas"]
[Result "1/2-1/2"]
[WhiteElo "2166"]
[BlackElo "2099"]
[PlyCount "75"]
[EventDate "2020.10.24"]
[EventType "tourn"]
[EventRounds "9"]
[EventCountry "HUN"]

1. Nf3 g6 2. g3 Bg7 3. d4 d5 4. Bg2 Nf6 5. O-O O-O 6. c4 dxc4 7. Na3 c5 8. dxc5
Na6 9. Nxc4 Nxc5 10. Be3 Be6 11. Qxd8 Rfxd8 12. Rac1 Ncd7 13. Rfd1 Bd5 14. b3
a6 15. Bd4 Rac8 16. Bh3 e6 17. Nb6 Nxb6 18. Bxb6 Re8 19. Ne1 Bc6 20. Nd3 Nd5
21. Ba5 Bb5 22. a4 Bc6 23. Bg2 b5 24. axb5 Bxb5 25. e4 Nc3 26. Bxc3 Bxc3 27.
Bf1 Bxd3 28. Bxd3 a5 29. Ba6 Rc7 30. Rd3 Be5 31. Rxc7 Bxc7 32. Rd7 Bb6 33. Kf1
Rd8 34. Rxd8+ Bxd8 35. Ke2 Kf8 36. g4 e5 37. Kd3 Ke7 38. Bc4 1/2-1/2

[Event "Korcsoportos bajnokság, 16 évesek"]
[Site "Budapest"]
[Date "2020.10.24"]
[Round "1.3"]
[White "Gaal, Zsoka"]
[Black "Persanyi, Barnabas"]
[Result "0-1"]
[WhiteElo "2200"]
[BlackElo "2368"]
[PlyCount "132"]
[EventDate "2020.10.24"]
[EventType "tourn"]
[EventRounds "9"]
[EventCountry "HUN"]

1. Nf3 d5 2. g3 Nc6 3. d4 Bf5 4. Bg2 Nb4 5. Na3 e6 6. c3 Nc6 7. Nc2 Be7 8. h4
Nf6 9. Bg5 h6 10. Bxf6 Bxf6 11. Ne3 Be4 12. O-O O-O 13. Ng4 Be7 14. Nge5 Bd6
15. Qa4 Nxe5 16. Nxe5 Bxg2 17. Kxg2 Bxe5 18. dxe5 c6 19. e4 Qc7 20. exd5 cxd5
21. Rfe1 Qc6 22. Qd4 a5 23. Kg1 b5 24. a3 Rfc8 25. Rad1 Qc4 26. Qxc4 Rxc4 27.
Re2 h5 28. Kg2 Rb8 29. Rdd2 Kh7 30. Rd3 Kg6 31. b4 axb4 32. axb4 Ra8 33. Ree3
Ra2 34. Kf1 Rc2 35. Kg2 Rc7 36. Kf3 Ra7 37. Re2 Rc1 38. Ke3 Rc7 39. Kd2 Ra1 40.
Ke3 Ra3 41. Kd2 Rc4 42. Ree3 Ra2+ 43. Ke1 Rc2 44. Kf1 Rc7 45. Kg2 Ra7 46. Rf3
Raa2 47. Rde3 Rd2 48. Re1 Re2 49. Kf1 Red2 50. Kg2 d4 51. cxd4 Rxd4 52. Rc1 Ra7
53. Rb3 Rad7 54. Rc5 R7d5 55. f4 Rxb4 56. Rxd5 Rxb3 57. Rd7 b4 58. Rb7 Rb2+ 59.
Kf3 b3 60. Ke3 Rb1 61. Kf2 b2 62. Kg2 f6 63. Rb5 fxe5 64. fxe5 Kf5 65. Kh2 Ke4
66. Kg2 Kd4 0-1

[Event "Korcsoportos bajnokság, 16 évesek"]
[Site "Budapest"]
[Date "2020.10.24"]
[Round "1.4"]
[White "Karacsonyi, Gellert"]
[Black "Borhy, Marcell"]
[Result "1/2-1/2"]
[WhiteElo "2299"]
[BlackElo "2371"]
[PlyCount "37"]
[EventDate "2020.10.24"]
[EventType "tourn"]
[EventRounds "9"]
[EventCountry "HUN"]

1. e4 c5 2. Nf3 d6 3. Bb5+ Bd7 4. Bxd7+ Qxd7 5. c4 Nc6 6. Nc3 g6 7. d4 cxd4 8.
Nxd4 Bg7 9. Be3 Nf6 10. f3 O-O 11. O-O Rfc8 12. b3 a6 13. Qd3 Rab8 14. Nxc6
Qxc6 15. Rac1 Qe8 16. a4 Nd7 17. Nd5 e6 18. Nc3 Rc6 19. Ne2 1/2-1/2

[Event "Korcsoportos bajnokság, 16 évesek"]
[Site "Budapest"]
[Date "2020.10.24"]
[Round "1.5"]
[White "Bako, Martin"]
[Black "Juhasz, Agoston"]
[Result "0-1"]
[WhiteElo "2038"]
[BlackElo "2369"]
[PlyCount "60"]
[EventDate "2020.10.24"]
[EventType "tourn"]
[EventRounds "9"]
[EventCountry "HUN"]

1. d4 Nf6 2. c4 e6 3. Nc3 Bb4 4. Nf3 O-O 5. e3 b6 6. Bd2 Bb7 7. Bd3 Bxc3 8.
Bxc3 Ne4 9. Qc2 f5 10. a3 d6 11. O-O-O Nd7 12. h4 Qe7 13. Rdg1 e5 14. dxe5 dxe5
15. Bb4 c5 16. Be1 Rad8 17. Nd2 Nxd2 18. Bxd2 e4 19. Be2 Ne5 20. Bc3 Nd3+ 21.
Bxd3 exd3 22. Qd2 Qe6 23. b3 b5 24. Qa2 bxc4 25. bxc4 d2+ 26. Bxd2 Be4 27. Ba5
Rb8 28. Rd1 f4 29. Rhf1 Rb1+ 30. Kd2 Qd6+ 0-1

[Event "Korcsoportos bajnokság, 16 évesek"]
[Site "Budapest"]
[Date "2020.10.25"]
[Round "2.1"]
[White "Koszta, Benedek"]
[Black "Juhasz, Agoston"]
[Result "0-1"]
[WhiteElo "2137"]
[BlackElo "2369"]
[PlyCount "172"]
[EventDate "2020.10.24"]
[EventType "tourn"]
[EventRounds "9"]
[EventCountry "HUN"]

1. e4 c6 2. d4 d5 3. Nc3 dxe4 4. Nxe4 Bf5 5. Ng3 Bg6 6. N1e2 e6 7. h4 h6 8. Nf4
Bh7 9. Be3 Nf6 10. Bd3 Bxd3 11. Qxd3 Qa5+ 12. Bd2 Bb4 13. c3 Bd6 14. c4 Bb4 15.
a3 Bxd2+ 16. Qxd2 Qxd2+ 17. Kxd2 Nbd7 18. Kc3 b5 19. c5 O-O-O 20. h5 Nb8 21. f3
Na6 22. b4 Nc7 23. Ne4 Nxe4+ 24. fxe4 e5 25. dxe5 Rhe8 26. Nd3 Ne6 27. Rhf1 Ng5
28. Rf4 Re7 29. Rd1 Red7 30. Kc2 Rd4 31. Nf2 Rxd1 32. Nxd1 Kd7 33. Ne3 Ke6 34.
Nf5 Kxe5 35. g3 Nxe4 36. Nxg7 Rd2+ 37. Kb3 Rd3+ 38. Kb2 Rd2+ 39. Kb3 Rf2 40.
Rxf2 Nxf2 41. a4 a6 42. a5 Ne4 43. g4 Nf6 44. Nf5 Nxg4 45. Ne7 f5 46. Nxc6+ Kd5
47. Ne7+ Ke6 48. Ng6 Kd5 49. Ne7+ Ke6 50. Ng6 Nf6 51. Nf4+ Ke5 52. Nd3+ Kd4 53.
c6 Ne8 54. Nc5 Nc7 55. Kc2 f4 56. Kd2 Kc4 57. Nd3 f3 58. Ne5+ Kxb4 59. Nxf3
Kxa5 60. Ne5 Kb6 61. Nf7 Nd5 62. Nxh6 Nf6 63. Nf5 Nxh5 64. Nd4 Nf6 65. Kc2 Nd5
66. Kb3 Ne7 67. c7 Kxc7 68. Ne6+ Kb6 69. Nf4 a5 70. Ka3 Nc6 71. Nd3 Nd4 72. Ne5
Ne6 73. Nd7+ Kc6 74. Ne5+ Kc5 75. Nd7+ Kd4 76. Nb8 Kd5 77. Nd7 Nc5 78. Nb6+ Kd4
79. Kb2 b4 80. Nc8 a4 81. Nd6 Nd3+ 82. Kb1 Kc3 83. Nb5+ Kc4 84. Nd6+ Kb3 85.
Ne4 a3 86. Ka1 Kc2 0-1

[Event "Korcsoportos bajnokság, 16 évesek"]
[Site "Budapest"]
[Date "2020.10.25"]
[Round "2.2"]
[White "Borhy, Marcell"]
[Black "Bako, Martin"]
[Result "1-0"]
[WhiteElo "2371"]
[BlackElo "2038"]
[PlyCount "61"]
[EventDate "2020.10.24"]
[EventType "tourn"]
[EventRounds "9"]
[EventCountry "HUN"]

1. Nf3 Nf6 2. c4 c6 3. Nc3 d5 4. d4 e6 5. e3 Nbd7 6. Bd3 dxc4 7. Bxc4 b5 8. Bd3
Bb7 9. e4 a6 10. e5 Nd5 11. Nxd5 cxd5 12. O-O Be7 13. Be3 Nf8 14. a4 b4 15. a5
Ng6 16. g3 O-O 17. h4 f5 18. exf6 Bxf6 19. Qb1 Bxh4 20. Nxh4 Nxh4 21. gxh4 Qxh4
22. Qd1 Qh3 23. Re1 Rf3 24. Bf1 Qg4+ 25. Bg2 Raf8 26. Kf1 Bc6 27. Bxf3 Rxf3 28.
Ke2 Rxe3+ 29. Kxe3 Qe4+ 30. Kd2 Qxd4+ 31. Kc1 1-0

[Event "Korcsoportos bajnokság, 16 évesek"]
[Site "Budapest"]
[Date "2020.10.25"]
[Round "2.3"]
[White "Persanyi, Barnabas"]
[Black "Karacsonyi, Gellert"]
[Result "1/2-1/2"]
[WhiteElo "2368"]
[BlackElo "2299"]
[PlyCount "22"]
[EventDate "2020.10.24"]
[EventType "tourn"]
[EventRounds "9"]
[EventCountry "HUN"]

1. Nf3 c5 2. e4 d6 3. Bb5+ Bd7 4. Bxd7+ Qxd7 5. c4 Nc6 6. Nc3 g6 7. d4 cxd4 8.
Nxd4 Bg7 9. Be3 Nf6 10. f3 O-O 11. O-O a6 1/2-1/2